Countries With the Letter U - Statistics

General Stats
  • This quiz has been taken 133 times
  • The average score is 50 of 60
Answer Stats
Countries % Correct
United Kingdom
99%
United Statesof America
99%
Uganda
97%
Russia
95%
Uruguay
95%
Australia
93%
United ArabEmirates
93%
Uzbekistan
93%
Turkey
92%
Ukraine
92%
Austria
91%
Paraguay
91%
Turkmenistan
91%
Portugal
90%
South Sudan
88%
Tuvalu
88%
Cuba
87%
Sudan
87%
Vanuatu
86%
Bulgaria
85%
Burundi
85%
Ecuador
85%
Guinea
85%
Guyana
84%
Honduras
84%
South Africa
84%
Venezuela
84%
Bhutan
83%
Democratic Republicof the Congo
83%
Hungary
83%
Palau
83%
Peru
83%
Antigua andBarbuda
81%
Belarus
81%
Lithuania
81%
Luxembourg
81%
Mauritania
81%
Mauritius
81%
Suriname
81%
Equatorial Guinea
80%
Guinea-Bissau
80%
Papua New Guinea
80%
South Korea
80%
Belgium
79%
Nauru
79%
Saudi Arabia
79%
Nicaragua
78%
Guatemala
77%
Czech Republic
76%
Republic ofthe Congo
76%
Saint Lucia
76%
Tunisia
76%
Burkina Faso
74%
Dominican Republic
74%
Brunei
73%
Central AfricanRepublic
71%
Cyprus
70%
Kuwait
70%
Djibouti
69%
Mozambique
57%
No matching quizzes found
Score Distribution
Percent of People with Each Score
Percentile by Number Answered
Your Score History
You have not taken this quiz